000 00567nam a22001937a 4500
999 _c1647
_d1647
003 AR-CdUCM
008 190227b ||||| |||| 00| 0 spa d
040 _aMUNICIPALIDAD PROVINCIAL DEL CUSCO
_cBIBLIOTECA MUNICIPAL DEL CUSCO
082 _a869.56 /
_bP42
100 _aPeña Barrenechea, Ricardo
_96135
245 _aBandolero niño /
260 _aLima :
_bEdiciones Kuntur,
_c1987.
300 _a30 páginas ;
_c20 cm.
650 _aLiteratura peruana
_9169
650 _aPoesía
_9139
650 _aPoesía siglo XX
_91708
942 _2ddc
_cLIBROS
945 _azta